000 00762nam a2200229Ii 4500
003 JO-AjNU
008 230605s9999||||xx |||||||||||||| ||und||
017 _a10354/2013
020 _a978-977-04-7313-9
040 _aJO-AjNU
_bara
_erda
_cJO-AjNU
041 _aara
050 1 4 _aJX1954.2013
100 3 _aالعطوي، فاطمة محمد ,
_eauthor
_964445
245 0 0 _aالإشكاليات التي يثيرها التعاون الدولي في المواد الجنائية
250 _aط1
264 3 1 _aالقاهرة: دار النهضة العربية، 2013
300 _a348ص
336 _atext
_btxt
_2rdacontent
337 _aunmediated
_bn
_2rdamedia
338 _avolume
_bnc
_2rdacarrier
650 4 _aالتعاون الدولي
_964446
999 _aA29370
_c32938
_d32938